00672nam a2200193Ia 4500003000400000005001700004008004100021020001800062040001800080041000800098082002200106100002200128245011800150250000800268260004500276300003200321650005400353650007100407OSt20220720143236.0210716s2018 xx 000 0 und d a9781788623513 cAIMIT LIBRARY aeng a005.448 21bSHRA aShrivastwa, Alok. aHybrid cloud for architects :bbuild robust hybrid cloud solutions using AWS and openstack /cBy Alok Shrivastwa. a1st aMumbai :bPackt Publishing Ltd ,c2018 . aviii, 274p. ;bPBc23.5 cm. aArchitecting the underpinning services networking aMonitoring the hybrid cloud the traditional concepts in monitoring